000
00277nam a2200109Ia 4500
008
200302s9999 xx 000 0 und d
100
_a
Marc Wortman
245
_a
Public Transportation- On the move
260
_b
Visual Reference Publications, NY
260
_c
2005
300
_a
223
999
_c
4517
_d
4517